000 00743nam a2200217Ia 4500
001 14701
003 GE_BSU
008 181216s||||||||xx |||||||||||||| ||und||
040 _cGE_BSU
080 _a622.691.4(035.3)
100 _aСедлуха,Г.А. Фридман,О.М.
245 _aСправочник мастера-строителя газопроводов.
245 _cНауч. ред. А.А.Блоштеин.
250 _aИзд. 2-е, перераб. и доп.
260 _aЛ.
260 _bНедра.
260 _c1974.
300 _a320 стр. с илл. 21 см. Библиогр.: стр. 317-318.
653 _aСправочник мастера-строителя газопроводов.
942 _cBK
999 _c47827
_d47827